000 00735cam a2200265 4500
001 J90541
008 090401t1998 xxu||||| |||| 00| 0 eng d
035 _a(Sirsi) u85005
041 _aeng
050 _a332.6324
110 _aRichard Ellis
_91875
245 _aSurvey of international property investors and bankers.
260 _aLondon
_bRichard Ellis
_c1998
300 _a12p. ; 30cm.
350 _a0
650 _aFORECASTS
650 _aFOREIGN INVESTORS
650 _aLONDON
650 _aPROPERTY INVESTMENT
650 _aPROPERTY MARKET
690 _aPROPERTY-COMMERCIAL PROPERTY-COMMERCIAL PROPERTY FINANCE AND INVESTMENT
710 _aNOP Research Group Limited
_91213
942 _n0
948 _c18/03/1998
999 _c97000
_d97000